Landmarks Up Close Quiz Stats

 Plays Quiz not verified by Sporcle

Support Sporcle.
Go Orange.
Score 0/20 Timer 05:00
0 Plays Today
% Correct
Statue of Liberty
85.2%
Elizabeth Tower
83.8%
Great Pyramids of Giza
76.8%
Sydney Opera House
67.5%
Eiffel Tower
64.4%
Great Wall of China
63%
Uluru
58%
Christ the Redeemer
57.5%
Seattle Space Needle
54.4%
Empire State Building
50.2%
% Correct
Brandenburg Gate
46.9%
Machu Picchu
43.7%
Saint Basil’s Basilica
41.5%
La Sagrada Familia
38.2%
Burj Khalifa
29.9%
Angkor Wat
27.6%
Edinburgh Castle
23%
Blarney Castle
16.4%
Tokyo TV Tower
6%
Marina Bay Sands
3.3%

You're not logged in!

Compare scores with friends on all Sporcle quizzes.
OR
Log In

From the Vault

'A' Culinary Terms

by beforever

You might find this quiz useful for preparing dinner tonight.
Remove Ads.
Support Sporcle.
Get the best of Sporcle when you Go Orange. This ad-free experience offers more features, more stats, and more fun while also helping to support Sporcle. Thank you for becoming a member.

Show Comments

Extras

Top Quizzes Today


Score Distribution

Your Account Isn't Verified!

In order to create a playlist on Sporcle, you need to verify the email address you used during registration. Go to your Sporcle Settings to finish the process.

Report this User

Report this user for behavior that violates our Community Guidelines.

Details: